| 000 | 01507 a2200265 4500 | ||
|---|---|---|---|
| 001 | 2162214035926629 | ||
| 003 | UA-OsUOA | ||
| 005 | 20260227121152.0 | ||
| 008 | 260227b un ||||| |||| 00| 0 ukr d | ||
| 020 | _a0916458164 | ||
| 040 |
_aUA-OsUOA _bukr _cUA-OsUOA _dUA-OsUOA |
||
| 041 | _aeng | ||
| 080 | _a82.01:81'23 | ||
| 090 |
_a82.01:81'23 _bF62 |
||
| 100 |
_aFizer J. _923312 |
||
| 245 |
_aAlexander A. Potebnja’s Psycholinguistic Theory of Literature: A Metacritical Inquiry _cJohn Fizer |
||
| 260 |
_bHarvard Ukrainian Research Institute _c1988 _aHarvard |
||
| 300 | _a164 p. | ||
| 490 | _aMonograph Series | ||
| 520 | _aThe work of Alexander A. Potebnja, a leading Ukrainian linguist of the nineteenth century, has significantly influenced modern literary criticism, particularly Russian formalism and structuralism. Potebnja's theory, known as potebnjanstvo (Potebnjanism), flourished in the Russian Empire and in the Soviet Union during the 1920s. It attracted scores of adherents and gave rise to an influential literary journal and a formal critical school at Kharkiv. Yet despite his remarkable achievements in linguistics and literary theory, Potebnja's work was officially renounced in the Soviet Union in the 1930s, and in the West he remains virtually unknown. | ||
| 648 |
_a82 Література. Літературознавство _923313 |
||
| 942 |
_cBK _2udc |
||
| 955 | _a1 | ||
| 999 |
_c579726 _d579726 |
||